Normal view
MARC view
Entry Personal Name
001 - CONTROL NUMBER
- control field: 75840
003 - CONTROL NUMBER IDENTIFIER
- control field: dpl
005 - DATE AND TIME OF LATEST TRANSACTION
- control field: 20250103163346.0
008 - FIXED-LENGTH DATA ELEMENTS
- fixed length control field: 250103|| aca||aabn | a|a d
040 ## - CATALOGING SOURCE
- Original cataloging agency: dpl
- Transcribing agency: dpl
100 ## - HEADING--PERSONAL NAME
- Personal name: Singhania, Vinod K
670 ## - SOURCE DATA FOUND
- Source citation: Work cat.: (dpl)208037: Singhania, Vinod K., Taxmann's Insolvency and Bankruptcy Code with Rules and Regulations/, 2022
